Luxembourg : Financial System Stability Assessment, including Reports on the Observance of Standards and Codes on the following topics; Monetary and Financial Policy Transparency, Banking Supervision, Securities Regulation, Insurance Regulation, and Payment Systems.

This paper presents Luxembourg's Financial System Stability Assessment, including Reports on the Observance of Standards and Codes on Monetary and Financial Policy Transparency, Banking Supervision, Securities Regulation, Insurance Regulation, and Payment Systems. Luxembourg's financial se...

Полное описание

Библиографические подробности
Соавтор: International Monetary Fund
Формат: Журнал
Язык:English
Опубликовано: Washington, D.C. : International Monetary Fund, 2002.
Серии:IMF Staff Country Reports; Country Report ; No. 2002/116
Online-ссылка:Full text available on IMF
LEADER 01903cas a2200241 a 4500
001 AALejournalIMF002014
008 230101c9999 xx r poo 0 0eng d
020 |c 5.00 USD 
020 |z 9781451824261 
022 |a 1934-7685 
040 |a BD-DhAAL  |c BD-DhAAL 
110 2 |a International Monetary Fund. 
245 1 0 |a Luxembourg :   |b Financial System Stability Assessment, including Reports on the Observance of Standards and Codes on the following topics; Monetary and Financial Policy Transparency, Banking Supervision, Securities Regulation, Insurance Regulation, and Payment Systems. 
264 1 |a Washington, D.C. :  |b International Monetary Fund,  |c 2002. 
300 |a 1 online resource (64 pages) 
490 1 |a IMF Staff Country Reports 
500 |a <strong>Off-Campus Access:</strong> No User ID or Password Required 
500 |a <strong>On-Campus Access:</strong> No User ID or Password Required 
506 |a Electronic access restricted to authorized BRAC University faculty, staff and students 
520 3 |a This paper presents Luxembourg's Financial System Stability Assessment, including Reports on the Observance of Standards and Codes on Monetary and Financial Policy Transparency, Banking Supervision, Securities Regulation, Insurance Regulation, and Payment Systems. Luxembourg's financial sector is robust, efficient, and well supervised. No major weaknesses that could cause systemic risks were identified by the mission. The strength and efficiency of the financial sector is fully supported by the strong conformance by Luxembourg with international supervisory and regulatory standards and by the stress tests prepared under extreme assumptions. 
538 |a Mode of access: Internet 
830 0 |a IMF Staff Country Reports; Country Report ;  |v No. 2002/116 
856 4 0 |z Full text available on IMF  |u http://elibrary.imf.org/view/journals/002/2002/116/002.2002.issue-116-en.xml  |z IMF e-Library